Manual de economía personal (Registro nro. 485)

Detalles MARC
000 -LEADER
fixed length control field 00937 a2200229 4500
001 - CONTROL NUMBER
control field 11074
005 - DATE AND TIME OF LATEST TRANSACTION
control field 20260407155440.0
008 - FIXED-LENGTH DATA ELEMENTS--GENERAL INFORMATION
fixed length control field 260407a2011 arg spa d
003 - CONTROL NUMBER IDENTIFIER
control field AR-UNSa-BCEJYS
040 ## - CATALOGING SOURCE
Original cataloging agency AR-UNSa-BCEJYS
Language of cataloging spa
Transcribing agency AR-UNSa-BCEJYS
080 ## - UNIVERSAL DECIMAL CLASSIFICATION NUMBER
Universal Decimal Classification number 330.567.28
Common auxiliary subdivision Economía y Finanzas de los particulares
020 ## - INTERNATIONAL STANDARD BOOK NUMBER
International Standard Book Number 978-987-02-5462-1
100 1# - MAIN ENTRY--PERSONAL NAME
Personal name Ibáñez Padilla, Gustavo
245 10 - TITLE STATEMENT
Title Manual de economía personal
Name of part/section of a work cómo potenciar sus ingresos e inversiones
250 ## - EDITION STATEMENT
Edition statement 8a. ed.
264 #1 - PRODUCTION, PUBLICATION, DISTRIBUTION, MANUFACTURE, AND COPYRIGHT NOTICE
Place of production, publication, distribution, manufacture Buenos Aires :
Name of producer, publisher, distributor, manufacturer Dunken
Date of production, publication, distribution, manufacture, or copyright notice 2011
300 ## - PHYSICAL DESCRIPTION
Extent 167 p.
Dimensions 22 cm.
505 ## - FORMATTED CONTENTS NOTE
Formatted contents note 1. Los ingresos - 2. La planificación financiera - 3. La protección financiera - 4. La planificación sucesoria
590 ## - LOCAL NOTE (RLIN)
Local note niveau_biblio:m niveau_hierar:0
856 41 - ELECTRONIC LOCATION AND ACCESS
Uniform Resource Identifier <a href="https://biblioeco.unsa.edu.ar/pmb/images/libros/Manual de Economia Personal Como potencia sus ingresos e inversiones-l118868.jpg">https://biblioeco.unsa.edu.ar/pmb/images/libros/Manual de Economia Personal Como potencia sus ingresos e inversiones-l118868.jpg</a>
Link text Imagen de portada
Electronic format type image/jpeg
942 ## - ADDED ENTRY ELEMENTS (KOHA)
Koha item type
Existencias
Withdrawn status Lost status Damaged status Not for loan Home library Current library Shelving location Date acquired Total checkouts Full call number Barcode Date last seen Price effective from Koha item type
        Biblioteca Prof. Eusebio Cleto del Rey Biblioteca Prof. Eusebio Cleto del Rey   07/04/2026   330.567.28 I12 L118868 07/04/2026 07/04/2026 Libro
        Biblioteca Prof. Eusebio Cleto del Rey Biblioteca Prof. Eusebio Cleto del Rey   07/04/2026   330.567.28 I12 L118869 07/04/2026 07/04/2026 Libro